000 00659nam a22002177a 4500
003 BD-DhJNU
005 20250217054249.0
008 250217b |||||||| |||| 00| 0 eng d
020 _a9780071199039
040 _aBD-DhJNU
_bENG
_cBD-DhJNU
_dBD-DhJNU
082 _223
_a616.89 TAH
100 _aTaylor, Shelley E.
245 _aHealth psychology /
_cShelley E. Taylor
250 _a5th ed.
260 _aNew York :
_bMcGraw-Hill Education,
_c2003.
300 _axviii, 430p. :
_bill. ;
_c24 cm
504 _aIncludes bibliographical references and index
650 _aClinical health psychology
650 _aMedicine Psychosomatic
942 _2ddc
_cBK
_n0
999 _c1347
_d1347